Riconosci il Calciatore - Quiz n°1084 - Statistics

Statistiche generali
  • Questo quiz è stato fatto 5 volte
  • Il punteggio medio è 12 su 17
Statistiche sulle risposte
Indizio Risposta % Corretto
Nazionalità Italia
100%
Squadra di club 3 Milan 2021-2022
100%
Squadra di club 2 Monaco 2018-2021
100%
Squadra di club 4 Torino 2022-
100%
Ruolo Attaccante
80%
Squadra di club 1 Genoa 2016-2018
80%
Gol in nazionale 0
60%
Trofei per club 0
60%
Trofei per nazionali 0
60%
Trofei individuali 0
60%
Presenze in nazionale 1
60%
Gol nei club 10
60%
Data di nascita 17/03/2001
60%
Altezza 188 cm
60%
Presenze nei club 79
60%
Peso 80 kg
60%
Calciatore Pietro Pellegri
60%
Nessun quiz corrispondente trovato
Distribuzione punteggi
Percentuale di utenti per punteggio
Percentile per numero di risposta
I tuoi punteggi nel tempo
Non hai fatto questo quiz